000 00525nam a2200193Ia 4500
005 20250508163348.0
008 008 250505s9999 xx 000 0 eng d
020 _a0-415-33665-1
037 _aTextual
040 _aFEDL
_beng
_cFEDL
041 _aeng
_2eng
084 _a144.6, ALB
_qFEDL
100 _aAlbee Ernest
_9630795
245 0 _aHistory of english utilitarianism
260 _aNew York, USA
_bCollier Books
_c1962
300 _a383p.
942 _cTEXL
_h144.6, ALB
999 _c1382568
_d1382568